000 01120cam a2200241 a 4500
001 sa 64003089
003 DLC
005 20260227112014.0
008 860318m19001985ii a 00010 beno
010 _asa 64003089
040 _aDLC
_cDLC
_dDLC
043 _aa-ii---
050 0 0 _aPK1701
_b.B26
100 1 0 _aBandyopādhyāẏa, Asitakumāra,
_d1920-
245 1 0 _aBāṃlā sāhityera itibr̥tta /
_cAsitakumāra Bandyopādhyāẏa.
250 _a2. saṃskaraṇa.
260 0 _aKalikātā :
_bMaḍārṇa Buka Ejensī,
_c1962-<1985 >
300 _av. <1-5> :
_bill. ;
_c23 cm.
500 _aIn Bengali.
500 _aVol. 3, pt. 1: Parimārjita 2. saṃskaraṇa, pt. 2: Punarbinyasta 2. saṃskaraṇa; v. 5: 1. saṃskaraṇa.
505 1 _av. 1. Khriḥ. 10ma-12śa śatābdī -- v. 2. Caitanyayuga, Khrīshṭīẏa 1493-1605 -- v. 3., pt. 1. Saptadaśa śatābdī. pt. 2. Ashṭādaśa śatābdīra prathamārdha -- v. 4. Kabigāna-ākhaṛāi-hāpha ākhaṛāi-ṭappā-yātrā-pān̐cālī -- 5: Doma Āntonio, Phorṭa Uiliẏāma Kaleja.
650 0 _aBengali literature
_xHistory and criticism.
999 _c57701
_d57701